| 000 | 00727cam a22002411 4500 | ||
|---|---|---|---|
| 001 | sa 67004102 | ||
| 003 | DLC | ||
| 005 | 20260227112344.0 | ||
| 008 | 870803s1966 ii f000 0 eng | ||
| 010 | _asa 67004102 | ||
| 025 | _aPL480:I-E-7822 | ||
| 035 | _a(OCoLC)16365134 | ||
| 040 |
_aDLC _cWaU _dDLC |
||
| 042 | _apremarc | ||
| 050 | 0 | 0 |
_aJQ620.R28 _bA56 |
| 082 | _a354.54/4/006 | ||
| 110 | 1 |
_aRajasthan (India). _bO. & M. Codification Section. |
|
| 245 | 1 | 4 |
_aThe Rajasthan civil services (classification, control and appeal) rules, 1958, _bamended up-to-Sept. 1965. |
| 260 |
_aBikaner, _bGovt. Press, _c1966. |
||
| 300 |
_a114 p. _c25 cm. |
||
| 500 | _aCover title. | ||
| 650 | 0 |
_aCivil service _zIndia _zRajasthan. |
|
| 999 |
_c74269 _d74269 |
||